<?xml version="1.0" encoding="UTF-8"?>
<collection xmlns="http://www.loc.gov/MARC21/slim">
    <record>
        <controlfield tag="001">8278</controlfield>
        <controlfield tag="005">20170831220403.0</controlfield>
        <datafield tag="037" ind1=" " ind2=" ">
            <subfield code="a">TAZ-TFM-2012-357</subfield>
        </datafield>
        <datafield tag="041" ind1=" " ind2=" ">
            <subfield code="a">spa</subfield>
        </datafield>
        <datafield tag="100" ind1="1" ind2=" ">
            <subfield code="a">Broset Blasco, Esther</subfield>
        </datafield>
        <datafield tag="245" ind1="0" ind2="0">
            <subfield code="a">Rol de FurC en Anabaena sp. PCC 7120</subfield>
        </datafield>
        <datafield tag="260" ind1=" " ind2=" ">
            <subfield code="a">Zaragoza</subfield>
            <subfield code="b">Universidad de Zaragoza</subfield>
            <subfield code="c">2012</subfield>
        </datafield>
        <datafield tag="506" ind1=" " ind2=" ">
            <subfield code="a">by-nc-sa</subfield>
            <subfield code="b">Creative Commons</subfield>
            <subfield code="c">3.0</subfield>
            <subfield code="u">http://creativecommons.org/licenses/by-nc-sa/3.0/</subfield>
        </datafield>
        <datafield tag="520" ind1=" " ind2=" ">
            <subfield code="a">La proteína FurC es una de las tres proteínas de la familia Fur (Ferric Uptake Regulator) que posee Anabaena sp. PCC 7120. Esta familia de proteínas es la encargada de regular la homeostasis del hierro, aunque también se ha visto que son capaces de realizar otras funciones. En concreto FurA modula la respuesta de la cinaobacteria al estrés oxidativo y FurB se une inespecíficamente al DNA para protegerlo del daño oxidativo. Sin embargo, FurC es la menos conocida y por ello este trabajo consiste en realizar un estudio de su papel. 	Para la realización de este trabajo se ha obtenido un mutante de Anabaena sp. 7120 que sobreexpresa FurC (EB2770FurC). También se ha analizado la transcripción de furC en un cultivo de Anabaena WT a distintos tiempos después de retirar el nitrógeno del medio. Y se ha realizado un ensayo de pull-down para determinar a qué proteínas se une FurC. 	Los resultados fueron que la transcripción de furC se activa en déficit de nitrógeno y que FurC se une a dos proteínas linker que forman parte de los ficobilisomas de Anabaena. Por otro lado, los estudios con el mutante de sobreexpresión de FurC revelaron que EB2770C posee un mayor ratio de ficobiliproteínas/proteínas totales en presencia o ausencia de nitrógeno en el medio de cultivo. Con estos resultados se ha propuesto un modelo de acción de FurC. Este modelo propone que un déficit de ficobiliproteínas aumenta la expresión de FurC, que actúa uniéndose a los ficobilisomas y estabilizándolos.</subfield>
        </datafield>
        <datafield tag="521" ind1=" " ind2=" ">
            <subfield code="a">Máster Universitario en Biología Molecular y Celular</subfield>
        </datafield>
        <datafield tag="540" ind1=" " ind2=" ">
            <subfield code="a">Derechos regulados por licencia Creative Commons</subfield>
        </datafield>
        <datafield tag="653" ind1="1" ind2=" ">
            <subfield code="a">furc</subfield>
        </datafield>
        <datafield tag="653" ind1="1" ind2=" ">
            <subfield code="a">anabaena</subfield>
        </datafield>
        <datafield tag="653" ind1="1" ind2=" ">
            <subfield code="a">ficobilisomas</subfield>
        </datafield>
        <datafield tag="700" ind1=" " ind2=" ">
            <subfield code="a">Fillat Castejón, María Francisca</subfield>
            <subfield code="e">dir.</subfield>
        </datafield>
        <datafield tag="700" ind1=" " ind2=" ">
            <subfield code="a">González Rodríguez, Andrés</subfield>
            <subfield code="e">dir.</subfield>
        </datafield>
        <datafield tag="710" ind1="2" ind2=" ">
            <subfield code="a">Universidad de Zaragoza</subfield>
            <subfield code="b">Bioquímica y Biología Molecular y Celular</subfield>
            <subfield code="c">Bioquímica y Biología Molecular</subfield>
        </datafield>
        <datafield tag="856" ind1="0" ind2=" ">
            <subfield code="f">565294@celes.unizar.es</subfield>
        </datafield>
        <datafield tag="856" ind1="4" ind2=" ">
            <subfield code="s">1556685</subfield>
            <subfield code="u">http://zaguan.unizar.es/record/8278/files/TAZ-TFM-2012-357.pdf</subfield>
            <subfield code="y">Memoria (spa)</subfield>
        </datafield>
        <datafield tag="909" ind1="C" ind2="O">
            <subfield code="o">oai:zaguan.unizar.es:8278</subfield>
            <subfield code="p">trabajos-fin-master</subfield>
            <subfield code="p">driver</subfield>
        </datafield>
        <datafield tag="950" ind1=" " ind2=" ">
            <subfield code="a"></subfield>
        </datafield>
        <datafield tag="980" ind1=" " ind2=" ">
            <subfield code="a">TAZ</subfield>
            <subfield code="b">TFM</subfield>
            <subfield code="c">CIEN</subfield>
        </datafield>
    </record>

    
</collection>